000 00641nam a2200229Ia 4500
003 OSt
005 20220926011909.0
006 a|||||r|||| 00| 0
007 ta
008 220923b |||||||| |||| 00| 0 eng d
037 _cGeneral Book
040 _aRTL
_cRTL
_beng
041 _2eng
_aeng
082 _aX:51-8, K9
100 _aSperling Jos Ann
_9315201
245 0 _aJob descriptions in marketing management
260 _aNew York
_bAmerican Management Association
_c1969
300 _a223p
_ccm.
650 _aMarketing
_915998
942 _hX:51-8, K9
_cGB
_2CC
999 _c621250
_d621250